000 00483nam a2200181Ia 4500
005 20250326142508.0
008 250326s9999 xx 000 0 und d
037 _aTextbook
040 _aFMSL
_beng
_cFMSL
041 _aeng
_2eng
084 _qFMSL
100 _aPervin L A
_9746153
245 0 _aHandbook of personality: theory & research
_cPervin L A
260 _aNew York
_bNew York, Guilford Press
_c1990
300 _a738p
942 _cTB
999 _c1295300
_d1295300